[Event "UAE President Cup"]
[White "Sultan, Ibrahim"]
[Black "Mohamed, Marshool"]
[Site "Ajman"]
[Round "4"]
[Result "1-0"]
[Date "2019.01.05"]
[WhiteElo "2129"]
[BlackElo "1715"]
[PlyCount "35"]
[EventDate "2019.01.02"]
[EventType "swiss"]
[EventRounds "9"]
[EventCountry "UAE"]
[SourceTitle "CBM 188 Extra"]
[Source "ChessBase"]
[SourceDate "2019.02.28"]
[SourceVersion "1"]
[SourceVersionDate "2019.02.28"]
[SourceQuality "1"]

1. d4 d6 2. Nf3 Nf6 3. c4 Nbd7 4. Nc3 e5 5. e4 exd4 6. Nxd4 g6 7. Be3 Bg7 8. f3 c6 9. Qd2 0-0 10. Rd1 Re8 11. Be2 Qc7 12. 0-0 Ne5 13. Rc1 Be6 14. Nd5 Qd7 15. Nxf6+ Bxf6 16. f4 Ng4 17. f5 Bxd4 18. Bxd4 1-0

[Event "UAE President Cup"]
[White "Mohamed, Marshool"]
[Black "Ahmed, Mohamed Qayed"]
[Site "Ajman"]
[Round "3"]
[Result "1-0"]
[Date "2019.01.04"]
[WhiteElo "1715"]
[BlackElo "1379"]
[PlyCount "49"]
[EventDate "2019.01.02"]
[EventType "swiss"]
[EventRounds "9"]
[EventCountry "UAE"]
[SourceTitle "CBM 188 Extra"]
[Source "ChessBase"]
[SourceDate "2019.02.28"]
[SourceVersion "1"]
[SourceVersionDate "2019.02.28"]
[SourceQuality "1"]

1. e4 c5 2. Nf3 Nc6 3. d4 cxd4 4. Nxd4 g6 5. Be3 Nf6 6. Nc3 Bg7 7. Bc4 0-0 8. f3 e6 9. Nb3 Re8 10. Qd6 Bf8 11. Qd2 Ne5 12. Be2 a5 13. Bb5 a4 14. Nxa4 Rxa4 15. Bxa4 Nc4 16. Qc3 Nxe3 17. Qxe3 Bg7 18. 0-0-0 Qc7 19. Kb1 Qc4 20. Rd4 Qa6 21. Qd3 Qa7 22. Rc4 d5 23. Bxe8 dxc4 24. Qxc4 Nxe8 25. Qxc8 1-0

[Event "UAE President Cup"]
[White "Saeed, Ishaq"]
[Black "Mohamed, Marshool"]
[Site "Ajman"]
[Round "1"]
[Result "1-0"]
[Date "2019.01.02"]
[WhiteElo "2422"]
[BlackElo "1715"]
[PlyCount "53"]
[EventDate "2019.01.02"]
[EventType "swiss"]
[EventRounds "9"]
[EventCountry "UAE"]
[SourceTitle "CBM 188 Extra"]
[Source "ChessBase"]
[SourceDate "2019.02.28"]
[SourceVersion "1"]
[SourceVersionDate "2019.02.28"]
[SourceQuality "1"]

1. d4 d6 2. Nf3 Nf6 3. c4 Nbd7 4. Nc3 g6 5. g3 Bg7 6. Bg2 0-0 7. 0-0 c6 8. e4 e5 9. h3 a5 10. Be3 Re8 11. Re1 Qc7 12. c5 exd4 13. cxd6 Qxd6 14. Bxd4 Qe7 15. e5 Nh5 16. Qd2 Bf8 17. Ne4 Qb4 18. Bc3 Qb6 19. Nd6 Bxd6 20. exd6 Rxe1+ 21. Rxe1 Qd8 22. Re7 f6 23. Qh6 Nf8 24. Bxf6 Qxd6 25. Rg7+ Kh8 26. Rxh7+ Kg8 27. Rg7+ 1-0

[Event "Abu Dhabi President Cup"]
[White "Mohamed, Marshool"]
[Black "Al Huwar, Jasem"]
[Site "Abu Dhabi"]
[Round "9"]
[Result "0-1"]
[Date "2017.12.29"]
[WhiteElo "1763"]
[BlackElo "2298"]
[PlyCount "134"]
[EventDate "2017.12.22"]
[EventType "swiss"]
[EventRounds "9"]
[EventCountry "UAE"]
[SourceTitle "CBM 182 Extra"]
[Source "ChessBase"]
[SourceDate "2018.02.23"]
[SourceVersion "1"]
[SourceVersionDate "2018.02.23"]
[SourceQuality "1"]

1. e4 e6 2. b3 d5 3. Bb2 dxe4 4. Nc3 Nf6 5. Qe2 Be7 6. Nxe4 0-0 7. 0-0-0 a5 8. a4 Nbd7 9. d4 c6 10. Nf3 b5 11. Ne5 Qc7 12. Nxf6+ Bxf6 13. axb5 cxb5 14. Qxb5 a4 15. Qc6 Bxe5 16. Qxa8 axb3 17. Bd3 Bf4+ 18. Kb1 bxc2+ 19. Bxc2 Bb7 20. Qa3 Bd5 21. Qh3 f5 22. Rd3 Qb7 23. Rb3 Qa6 24. Re1 Nb6 25. Ra3 Qb5 26. Rb3 Qc6 27. Qc3 Nc4 28. Re2 Qd7 29. g3 Bd6 30. Bd3 Rc8 31. Bxc4 Rxc4 32. Qa5 Rc8 33. Ree3 f4 34. Rec3 Ra8 35. Qb5 Qf7 36. Qe2 Qf5+ 37. Kc1 fxg3 38. hxg3 Bxb3 39. Rxb3 Rf8 40. f4 Qd5 41. Qf3 Rc8+ 42. Kb1 Qf5+ 43. Qd3 Qh3 44. Qf3 Qh2 45. Qe4 Qh3 46. Qf3 Qf5+ 47. Qd3 Qd5 48. Qf3 Kf7 49. Rb7+ Rc7 50. Rxc7+ Bxc7 51. Qc3 Bd6 52. Qd3 h5 53. Kc2 Qg2+ 54. Kb3 Qd5+ 55. Kc3 Bc7 56. Kc2 Ba5 57. Kd1 Qh1+ 58. Kc2 Qg2+ 59. Kc1 Qh1+ 60. Kc2 Qc6+ 61. Kd1 g6 62. Ke2 Qg2+ 63. Kd1 Qxb2 64. d5 Qa1+ 65. Ke2 Qa2+ 66. Kf1 exd5 67. Qa6 Qc4+ 0-1

[Event "Abu Dhabi President Cup"]
[White "Mohamed, Marshool"]
[Black "Zayed, Ali Al Hamed"]
[Site "Abu Dhabi"]
[Round "6"]
[Result "0-1"]
[Date "2017.12.26"]
[WhiteElo "1763"]
[BlackElo "1982"]
[PlyCount "56"]
[EventDate "2017.12.22"]
[EventType "swiss"]
[EventRounds "9"]
[EventCountry "UAE"]
[SourceTitle "CBM 182 Extra"]
[Source "ChessBase"]
[SourceDate "2018.02.23"]
[SourceVersion "1"]
[SourceVersionDate "2018.02.23"]
[SourceQuality "1"]

1. Nf3 Nf6 2. b3 g6 3. Bb2 Bg7 4. e3 0-0 5. c4 c5 6. d4 cxd4 7. Nxd4 Nc6 8. g3 d5 9. Nxc6 bxc6 10. Nd2 Qa5 11. Qc2 dxc4 12. Bg2 Nd5 13. Bxg7 Kxg7 14. bxc4 Nf6 15. Bxc6 Bf5 16. e4 Rac8 17. Bb7 Rc7 18. 0-0 Bh3 19. Rfb1 Qe5 20. Qb2 Qc5 21. e5 Ng4 22. e6+ f6 23. Ne4 Qf5 24. Bd5 Rd8 25. Qe2 Rxd5 26. cxd5 Rc2 27. Qd3 Rd2 28. Nxd2 Qxf2+ 0-1

[Event "Abu Dhabi President Cup"]
[White "Ahmed, Fareed"]
[Black "Mohamed, Marshool"]
[Site "Abu Dhabi"]
[Round "4"]
[Result "1/2-1/2"]
[Date "2017.12.24"]
[WhiteElo "1997"]
[BlackElo "1763"]
[PlyCount "60"]
[EventDate "2017.12.22"]
[EventType "swiss"]
[EventRounds "9"]
[EventCountry "UAE"]
[SourceTitle "CBM 182 Extra"]
[Source "ChessBase"]
[SourceDate "2018.02.23"]
[SourceVersion "1"]
[SourceVersionDate "2018.02.23"]
[SourceQuality "1"]

1. e4 c5 2. Nf3 e6 3. Nc3 a6 4. g3 Qc7 5. Bg2 Nc6 6. 0-0 Nf6 7. Re1 d6 8. d4 cxd4 9. Nxd4 Be7 10. Be3 0-0 11. Qe2 Bd7 12. Nb3 Ne5 13. Rad1 Nc4 14. Bc1 Rac8 15. g4 h6 16. h4 Nh7 17. g5 hxg5 18. hxg5 Bxg5 19. f4 Be7 20. Rd3 b5 21. Rh3 g6 22. f5 Ne5 23. Kf2 Qc4 24. Reh1 Qxe2+ 25. Nxe2 Ng5 26. Rg3 Nh7 27. Rgh3 Ng5 28. Rg3 Nh7 29. Rgh3 Ng5 30. Rg3 Nh7 1/2-1/2

[Event "Sharjah op"]
[White "Mohamed, Marshool"]
[Black "Al Huwar, Jasem"]
[Site "Sharjah"]
[Round "1"]
[Result "0-1"]
[Date "2014.11.15"]
[WhiteElo "1518"]
[BlackElo "2256"]
[PlyCount "82"]
[EventDate "2014.11.15"]
[EventType "swiss"]
[EventRounds "9"]
[EventCountry "UAE"]
[SourceTitle "CBM 163 Extra"]
[Source "ChessBase"]
[SourceDate "2014.12.23"]
[SourceVersion "1"]
[SourceVersionDate "2014.12.23"]
[SourceQuality "1"]

1. e4 g6 2. d4 Bg7 3. c4 c5 4. Be3 Qb6 5. Nc3 cxd4 6. Nd5 Qxb2 7. Rb1 Qa3 8. Bxd4 Bxd4 9. Qxd4 Qa5+ 10. Qd2 Qxd2+ 11. Kxd2 Kd8 12. Nf3 e6 13. Nc3 Na6 14. Be2 Nc5 15. Nd4 b6 16. Rhd1 Bb7 17. Ke3 Ke7 18. Nb3 Rc8 19. Nxc5 Rxc5 20. Nb5 Nf6 21. f3 Ra8 22. Nd6 Ba6 23. Rd4 Ne8 24. Nxe8 Rxe8 25. Rbd1 Rd8 26. f4 f6 27. g3 Bb7 28. Rd6 Bd5 29. e5 fxe5 30. fxe5 Bxc4 31. Bxc4 Rxc4 32. R1d2 Rc6 33. R6d4 d5 34. Rh4 h5 35. g4 Rc4 36. Rd4 Rxd4 37. Kxd4 Rc8 38. Ke3 Rc4 39. Kf3 Kf7 40. Kg3 Rxg4+ 41. Rxg4 hxg4 0-1

[Event "Sharjah op blitz"]
[White "Mohamed, Marshool"]
[Black "Breckenridge, Steven James"]
[Site "Sharjah"]
[Round "2"]
[Result "0-1"]
[Date "2014.07.09"]
[WhiteElo "1701"]
[BlackElo "2381"]
[PlyCount "54"]
[EventDate "2014.07.09"]
[EventType "swiss (blitz)"]
[EventRounds "9"]
[EventCountry "UAE"]
[SourceTitle "EXT 2016"]
[Source "ChessBase"]
[SourceDate "2015.10.08"]
[SourceVersion "1"]
[SourceVersionDate "2015.10.08"]
[SourceQuality "1"]

1. e4 e5 2. Nf3 Nc6 3. Bc4 Nf6 4. d3 Bc5 5. c3 d6 6. b4 Bb6 7. a4 a6 8. a5 Ba7 9. Qb3 0-0 10. Bg5 Qe7 11. 0-0 Be6 12. Nbd2 Nd8 13. Rad1 Bxc4 14. Qxc4 Ne6 15. Bh4 Kh8 16. d4 Nf4 17. Bg3 N6h5 18. dxe5 dxe5 19. Bh4 f6 20. Nb3 g5 21. Bg3 Rad8 22. Bxf4 Nxf4 23. g3 Nh3+ 24. Kg2 Rxd1 25. Rxd1 Nxf2 26. Rf1 Ng4 27. h3 Ne3+ 0-1

[Event "Sharjah op rapid"]
[White "Mohamed, Marshool"]
[Black "Abeer, Ali"]
[Site "Sharjah"]
[Round "7"]
[Result "1-0"]
[Date "2014.07.08"]
[WhiteElo "1614"]
[BlackElo "1643"]
[PlyCount "91"]
[EventDate "2014.07.05"]
[EventType "swiss (rapid)"]
[EventRounds "9"]
[EventCountry "UAE"]
[SourceTitle "CBM 161 Extra"]
[Source "ChessBase"]
[SourceDate "2014.08.29"]
[SourceVersion "1"]
[SourceVersionDate "2014.08.29"]
[SourceQuality "1"]

1. e4 c6 2. c4 g6 3. Nc3 Bg7 4. d4 e6 5. Nf3 Ne7 6. Be3 0-0 7. Be2 d5 8. cxd5 exd5 9. exd5 Nxd5 10. Nxd5 Qxd5 11. 0-0 Bg4 12. h3 Bxf3 13. Bxf3 Qd6 14. Qd2 Na6 15. Rad1 Rfd8 16. Bg5 Bf6 17. Bxf6 Qxf6 18. Rfe1 Qd6 19. Re5 Re8 20. Qe3 Qd7 21. Re1 Rxe5 22. dxe5 Re8 23. Qb3 Nc5 24. Qc4 Ne6 25. Rd1 Qc7 26. Rd6 Rd8 27. Qb4 Rxd6 28. exd6 Qd7 29. Bg4 f5 30. Bf3 Nd8 31. Be2 b5 32. Qb3+ Nf7 33. Qd3 Qxd6 34. Qe3 Qd7 35. Bf3 Kf8 36. Qc3 Nd8 37. Qh8+ Ke7 38. Qxh7+ Kd6 39. Qxg6+ Kc7 40. h4 Nf7 41. Bxc6 Qxc6 42. Qxf7+ Kb6 43. Qxf5 Qc1+ 44. Kh2 Qxb2 45. Qe6+ Ka5 46. Qf7 1-0

[Event "Wch U14"]
[White "Mohamed, Marshool"]
[Black "Fawzy, Adham"]
[Site "Al Ain"]
[Round "1"]
[Result "0-1"]
[Date "2013.12.18"]
[WhiteElo "1557"]
[BlackElo "2013"]
[PlyCount "80"]
[EventDate "2013.12.18"]
[EventType "swiss"]
[EventRounds "11"]
[EventCountry "UAE"]
[SourceTitle "CBM 158 Extra"]
[Source "ChessBase"]
[SourceDate "2014.02.28"]
[SourceVersion "1"]
[SourceVersionDate "2014.02.28"]
[SourceQuality "1"]

1. e4 c5 2. Nf3 Nc6 3. d4 cxd4 4. Nxd4 Nf6 5. Nc3 e5 6. Ndb5 d6 7. Bg5 a6 8. Na3 b5 9. Nd5 Qa5+ 10. Bd2 Qd8 11. f3 Nxd5 12. exd5 Nd4 13. c3 Nf5 14. Nc2 Qh4+ 15. Ke2 Bb7 16. Qe1 Qxe1+ 17. Kxe1 Bxd5 18. Ne3 Nxe3 19. Bxe3 Bc6 20. Rd1 d5 21. Kf2 Be7 22. Bd3 0-0 23. Bb1 g6 24. Rhe1 f5 25. Bh6 Bc5+ 26. Be3 Bxe3+ 27. Rxe3 Rfe8 28. Rde1 e4 29. fxe4 dxe4 30. g3 Rad8 31. R1e2 g5 32. Ke1 Kh8 33. Rf2 Re5 34. Bc2 Rf8 35. Rd2 f4 36. gxf4 gxf4 37. Rh3 Re7 38. Rd4 f3 39. Kf1 e3 40. Rdh4 e2+ 0-1

[Event "World ol U16 11th"]
[White "Dogan, Sevval"]
[Black "Mohamed, Marshool"]
[Site "Istanbul"]
[Round "8.13"]
[Result "1/2-1/2"]
[Date "2012.09.03"]
[WhiteElo "1659"]
[BlackElo "1617"]
[PlyCount "56"]
[EventDate "2012.08.29"]
[EventType "team-swiss"]
[EventRounds "10"]
[EventCountry "TUR"]
[SourceTitle "CBM 150 Extra"]
[Source "ChessBase"]
[SourceDate "2012.10.19"]
[SourceVersion "1"]
[SourceVersionDate "2012.10.19"]
[SourceQuality "1"]
[WhiteTeam "Turkey White U16"]
[BlackTeam "United Arab Emirates (U16)"]
[WhiteTeamCountry "TUR"]
[BlackTeamCountry "UAE"]

1. e4 d6 2. d4 g6 3. Be3 Bg7 4. Nf3 Nd7 5. Nc3 Ngf6 6. Be2 a6 7. Qd2 b5 8. a3 Bb7 9. d5 Ng4 10. Bd4 Bh6 11. Qd1 Nge5 12. 0-0 0-0 13. Nxe5 dxe5 14. Be3 Bxe3 15. fxe3 Nc5 16. Qe1 Qd6 17. Qh4 Rad8 18. Rf3 Bc8 19. g4 f6 20. Raf1 Rf7 21. Kh1 Nd7 22. Qf2 Nf8 23. Rg1 g5 24. h4 Rg7 25. h5 Nd7 26. Rh3 h6 27. Qg2 Qb6 28. b4 Bb7 1/2-1/2

[Event "UAE President Cup"]
[White "Mohamed, Marshool"]
[Black "Saeed, Ishaq"]
[Site "Abu Dhabi"]
[Round "5"]
[Result "0-1"]
[Date "2012.07.01"]
[WhiteElo "1599"]
[BlackElo "2240"]
[PlyCount "82"]
[EventDate "2012.06.28"]
[EventType "swiss"]
[EventRounds "9"]
[EventCountry "UAE"]
[SourceTitle "CBM 149 Extra"]
[Source "ChessBase"]
[SourceDate "2012.08.24"]
[SourceVersion "1"]
[SourceVersionDate "2012.08.24"]
[SourceQuality "1"]

1. e4 e5 2. Nf3 Nc6 3. Bc4 Bc5 4. c3 Nf6 5. d3 a6 6. b4 Ba7 7. Qb3 0-0 8. Bg5 d6 9. Nbd2 Bd7 10. 0-0 Ne7 11. Bxf6 gxf6 12. d4 b5 13. Be2 Ng6 14. Rad1 Qe7 15. Rfe1 c5 16. dxc5 dxc5 17. Nf1 Be6 18. Qb2 Qb7 19. Ng3 Kh8 20. Qd2 Nf4 21. Nh4 Rg8 22. Bf1 Bg4 23. f3 cxb4+ 24. Kh1 bxc3 25. Qxc3 Be6 26. Rd2 Qb6 27. Bd3 Rac8 28. Qb4 Qe3 29. Rxe3 Bxe3 30. Rc2 Nxd3 31. Qe7 Bg5 32. Rxc8 Rxc8 33. Ne2 Bxh4 34. g3 Bg5 35. f4 exf4 36. Nxf4 Nxf4 37. gxf4 Bh4 38. Qa3 Kg7 39. Qxa6 Rc2 40. Qxb5 Bh3 41. Qb1 Re2 0-1